Name the Airline - Statistics

General Stats
  • This quiz has been taken 130 times
  • The average score is 10 of 16
Answer Stats
Picture Answer % Correct
Swiss
86%
British Airways
82%
Qantas
79%
American Airlines
71%
Japan Airlines
70%
Air Canada
66%
Thai Airways
66%
Air France
65%
Emirates
60%
Lufthansa
59%
Ryanair
55%
Delta Airlines
53%
Singapore Airlines
46%
Ethiopian Airlines
40%
LATAM
39%
China Southern Airlines
28%
No matching quizzes found
Score Distribution
Percent of People with Each Score
Percentile by Number Answered
Your Score History
You have not taken this quiz